| 000 | 01575nam a2200373 a 4500 | ||
|---|---|---|---|
| 001 | ebr10684918 | ||
| 003 | CaPaEBR | ||
| 006 | m u | ||
| 007 | cr cn||||||||| | ||
| 008 | 130207s2014 nju sbf 001 0 eng d | ||
| 010 | _z 2012050143 | ||
| 020 | _z9780631226970 (cloth) | ||
| 020 | _z9780631226987 (pbk.) | ||
| 020 | _z9781118286517 (e-book) | ||
| 040 |
_aCaPaEBR _cCaPaEBR |
||
| 035 | _a(OCoLC)846961633 | ||
| 043 | _ae-uk-en | ||
| 050 | 1 | 4 |
_aPR173 _b.A46 2014eb |
| 082 | 0 | 4 |
_a829/.09 _223 |
| 100 | 1 | _aAmodio, Mark. | |
| 245 | 1 | 4 |
_aThe Anglo-Saxon literature handbook _h[electronic resource] / _cMark C. Amodio. |
| 260 |
_aHoboken, N.J. : _bWiley-Blackwell, _c2014. |
||
| 300 | _axvi, 412 p. | ||
| 490 | 1 | _aBlackwell literature handbooks | |
| 504 | _aIncludes bibliographical references and index. | ||
| 505 | 0 | _apt. 1. Anglo-Saxon England: backgrounds and beginnings -- pt. 2. Anglo-Saxon prose -- pt. 3. Anglo-Saxon poetry -- pt. 4. Critical approaches -- pt. 5. Themes. | |
| 533 |
_aElectronic reproduction. _bPalo Alto, Calif. : _cebrary, _d2013. _nAvailable via World Wide Web. _nAccess may be limited to ebrary affiliated libraries. |
||
| 650 | 0 |
_aEnglish literature _yOld English, ca. 450-1100 _xHistory and criticism _vHandbooks, manuals, etc. |
|
| 650 | 0 | _aCivilization, Anglo-Saxon. | |
| 655 | 7 |
_aElectronic books. _2local |
|
| 710 | 2 | _aebrary, Inc. | |
| 830 | 0 | _aBlackwell literature handbooks. | |
| 856 | 4 | 0 |
_uhttp://site.ebrary.com/lib/rucke/Doc?id=10684918 _zAn electronic book accessible through the World Wide Web; click to view |
| 999 |
_c30350 _d30350 |
||